Library Banner

The drinking water book: (Record no. 90277)

MARC details
000 -LEADER
fixed length control field 00487nam a22001817a 4500
005 - DATE AND TIME OF LATEST TRANSACTION
control field 20170214114700.0
008 - FIXED-LENGTH DATA ELEMENTS--GENERAL INFORMATION
fixed length control field 170119b xxu||||| |||| 00| 0 eng d
020 ## - INTERNATIONAL STANDARD BOOK NUMBER
International Standard Book Number 0898154367
040 ## - CATALOGING SOURCE
Transcribing agency PK-LaUMT
082 ## - DEWEY DECIMAL CLASSIFICATION NUMBER
Classification number 613.3
Item number ING-D
100 ## - MAIN ENTRY--PERSONAL NAME
Personal name Ingram, Colin
245 ## - TITLE STATEMENT
Title The drinking water book:
Remainder of title a complete guide to safe drinking water/
Statement of responsibility, etc Colin Ingram
260 ## - PUBLICATION, DISTRIBUTION, ETC. (IMPRINT)
Place of publication, distribution, etc Berkeley:
Name of publisher, distributor, etc Ten speed press,
Date of publication, distribution, etc 1991
300 ## - PHYSICAL DESCRIPTION
Extent 195 p.
546 ## - LANGUAGE NOTE
Language note en
650 ## - SUBJECT ADDED ENTRY--TOPICAL TERM
Topical term or geographic name as entry element Drinking water
942 ## - ADDED ENTRY ELEMENTS (KOHA)
Koha item type Books
Holdings
Withdrawn status Lost status Damaged status Home library Current library Date acquired Full call number Barcode Date last seen Price effective from Koha item type
      UMT Main Campus UMT Main Campus 2017-01-19 613.3 ING-D 105164 2023-02-01 2017-01-19 Books